LIBRARY & INFORMATION CENTRE, KCAET, TAVANUR

ONLINE PUBLIC ACCESS CATALOGUE (OPAC)

Biological and hydrological factor of local movements of fish in reservoirs / (Record no. 4765)

MARC details
000 -LEADER
fixed length control field 00502cam a2200181ua 4500
041 ## - LANGUAGE CODE
Language code of text/sound track or separate title eng
082 ## - DEWEY DECIMAL CLASSIFICATION NUMBER
Classification number 639.18
Item number KUZ/BI
100 ## - MAIN ENTRY--AUTHOR NAME
Personal name Kuzin, B S .
245 ## - TITLE STATEMENT
Title Biological and hydrological factor of local movements of fish in reservoirs /
260 ## - PUBLICATION, DISTRIBUTION, ETC. (IMPRINT)
Place of publication New Delhi :
Name of publisher Amerind Publishing Co Pvt Ltd ,
Year of publication 1974.
300 ## - PHYSICAL DESCRIPTION
Number of Pages 989 ; .
500 ## - GENERAL NOTE
General note ** Reference
942 ## - ADDED ENTRY ELEMENTS (KOHA)
Koha item type Books

No items available.

free website counter